LEADER 01072cam0-2200361---450- 001 990000746200403321 005 20101028154315.0 035 $a000074620 035 $aFED01000074620 035 $a(Aleph)000074620FED01 035 $a000074620 100 $a20020821d1974----km-y0itay50------ba 101 0 $aita 102 $aIT 105 $aa-------001yy 200 1 $a<>pietre di Venezia ; Mattinate fiorentine$fJohn Ruskin 210 $aFirenze$cVallecchi$dc1974 215 $a2 v.$cill.$d18 cm 225 1 $aTV Tascabili Vallecchi 610 0 $aVenezia$aArchitettura 676 $a720.945311 700 1$aRuskin,$bJohn$f<1819-1900>$011255 801 0$aIT$bUNINA$gRICA$2UNIMARC 901 $aBK 912 $a990000746200403321 952 $a720.945 RUS 1 (1)$bST.ARTE 12012$fFLFBC 952 $a720.945 RUS 1 (2)$bST.ARTE 12012$fFLFBC 952 $aART.FI A 1 (2)$b10014 (2)$fFARBC 952 $aART.FI A 1 (1)$b10014 (1)$fFARBC 959 $aFARBC 959 $aFLFBC 996 $aPietre di Venezia ; Mattinate fiorentine$9269100 997 $aUNINA LEADER 01753nam 2200397Ia 450 001 996385497703316 005 20221108025141.0 035 $a(CKB)4940000000079238 035 $a(EEBO)2264189968 035 $a(OCoLC)ocm12858313e 035 $a(OCoLC)12858313 035 $a(EXLCZ)994940000000079238 100 $a19851202d1696 uy | 101 0 $aeng 135 $aurbn||||a|bb| 200 14$aThe essays, or councils, civil and moral, of Sir Francis Bacon, Lord Verulam, Viscount St. Alban$b[electronic resource] $ewith a table of the colours of good and evil, and a discourse of The wisdom of the ancients : to this edition is added The character of Queen Elizabeth, never before printed in English 210 $aLondon $cPrinted for H. Herringman, R. Scot, R. Chiswell, A. Swalle, and R. Bentley $d1696 215 $a[8], 167, [8], 21, [10], 17-123 [i.e. 121] p 300 $aAdvertisement: p. [1] at end. 300 $a"The table" [i.e. index]: p. [1]-[2] following p. 167. 300 $aAdded t.p. and separating ([10], 17-123 p.) following p. 21: The wisdom of the ancients / done into English by Sir Arthur Gorges. 300 $aReproduction of original in Huntington Library. 330 $aeebo-0113 700 $aBacon$b Francis$f1561-1626.$0159133 701 $aGorges$b Arthur$cSir,$f1557?-1625.$01010939 701 2$aBacon$b Francis$f1561-1626.$0159133 701 2$aBacon$b Francis$f1561-1626.$0159133 701 2$aBacon$b Francis$f1561-1626.$0159133 801 0$bEAA 801 1$bEAA 801 2$bm/c 801 2$bWaOLN 906 $aBOOK 912 $a996385497703316 996 $aThe essays, or councils, civil and moral, of Sir Francis Bacon, Lord Verulam, Viscount St. Alban$92394677 997 $aUNISA